000 00567nam a22001817a 4500
003 NUST - PNEC
005 20170116180754.0
008 150317b xxu||||| |||| 00| 0 eng d
020 _a-
040 _cLIBRARY
082 _a333.7909174924 TRI
100 _91890
_a Trimizi Amanullah Shah
245 _aEnergy in the Muslim countries: A pan-Islamaic approach
_c Amanullah Shah. Trimizi
260 _aPakistan
_bNational Science Council, Research Unit for Science in Islamic Polity
_cc1985.
300 _a313 p. :
650 _91891
_aEnergy
_xIME
942 _2ddc
_cBK
999 _c62647
_d62647